书目信息 |
| 题名: |
钢结构建筑资料集
|
|
| 作者: | 哈特 , Hart 著 ;夏英超 译 | |
| 分册: | ||
| 出版信息: | 北京 中国建筑工业出版社 1983 |
|
| 页数: | 359页 | |
| 开本: | 39cm | |
| 丛书名: | ||
| 单 册: | ||
| 中图分类: | TU391-53 | |
| 科图分类: | ||
| 主题词: | 钢结构--资料 | |
| 电子资源: | ||
| ISBN: | ||
| 000 | 00707nam0 2200253 45 | |
| 001 | 0183004709 | |
| 005 | 20060804092434.04 | |
| 010 | @b精装@dCNY9.05 | |
| 091 | @aCN@b15040.4230 | |
| 100 | @a19950728d1983 emky0chiy0121 ea | |
| 101 | 1 | @achi@cger |
| 102 | @aCN@b110000 | |
| 105 | @ay i 000yy | |
| 200 | 10 | @a钢结构建筑资料集@Agang jie gou jian zhu zi liao ji@f(德)哈特(F.Hart)著@g夏英超译 |
| 210 | @a北京@c中国建筑工业出版社@d1983 | |
| 215 | @a359页@d39cm | |
| 606 | @a钢结构@x资料 | |
| 690 | @aTU391-53@v3 | |
| 701 | 1 | @a哈特@Aha te@bF.@4著 |
| 701 | A1 | @aHart@bF.@4著 |
| 702 | 0 | @a夏英超@Axia ying chao@4译 |
| 801 | 2 | @aCN@bNLC@c20060804 |
| 801 | 0 | @aCN@bTSSF |
| 905 | @a10447@dTU391-53@e263 | |
| 钢结构建筑资料集/(德)哈特(F.Hart)著/夏英超译.-北京:中国建筑工业出版社,1983 |
| 359页;39cm |
| ISBN (精装):CNY9.05 |
| ● |
| 相关链接 |
|
|
|
|
正题名:钢结构建筑资料集
索取号:TU391-53/263
 
预约/预借
| 序号 | 登录号 | 条形码 | 馆藏地/架位号 | 状态 | 备注 |
| 1 | 0439693 | 204396938 | 密集书库/ [索取号:TU391-53/263] | 在馆 | |
| 2 | 0439694 | 204396947 | 密集书库/ [索取号:TU391-53/263] | 在馆 | |
| 3 | 0439695 | 204396956 | 密集书库/ [索取号:TU391-53/263] | 在馆 |